| 000 | 00449nam a22001697a 4500 | ||
|---|---|---|---|
| 003 | NUST - PNEC | ||
| 005 | 20170116181112.0 | ||
| 008 | 151003b xxu||||| |||| 00| 0 eng d | ||
| 020 | _a0170127397 | ||
| 040 | _cLIBRARY | ||
| 082 | _a657.044 CLA | ||
| 100 |
_912967 _a Clarke, Edward A |
||
| 245 |
_aAccounting : introduction to principles & practice _cEdward A,Clarke |
||
| 260 | _cc 2005 | ||
| 650 |
_912970 _aAccounting _xMIS |
||
| 942 |
_2ddc _cBK |
||
| 999 |
_c69150 _d69150 |
||